00483nam a2200193 a 4500001001300000003000900013005001700022008004100039020002300080082001600103100001300119245003100132260003800163300000900201500003500210505001000245650002100255700001300276nice12345678IN_TiNIC20260116012929.0050524s1990 dela grp 000 0 eng  a812074X c15000a297.4bSTE1 aStern, S aAl-Ghazali on Repentenance aDelhibSterling Publishers c1990 a161p aincludes index and biblioraphy2 aIndex aSufism-Alghazali1 aStern, S